Statistics for Ptáci podle obrázků #3

Click here to take the quiz!

General Stats

  • This quiz has been taken 91 times
  • The average score is 10 of 16

Answer Stats

Answer% Correct
orel bělohlavý
97%
labuť velká
95%
pštros dvouprstý
95%
kur domácí
93%
bažant obecný
92%
sova pálená
92%
kos černý
86%
ledňáček říční
85%
strakapoud velký
65%
tetřev hlušec
61%
kukačka obecná
58%
albatros stěhovavý
34%
potápka roháč
28%
pěnkava obecná
24%
strnad obecný
15%
zebřička pestrá
12%

Score Distribution

Percentile by Number Answered

Percent of People with Each Score

Your Score History

You have not taken this quiz